000
00203nam a22000977a 4500
003
SGT
245
_a
Journal of Prosthetic Dentistry
260
_c
2011,2013,2018
300
_a
420,550,970,
942
_2
ddc
_c
BV
999
_c
30162
_d
30162